000 01258cab a2200289 4500
001 X1024
008 090401t1993 xxu||||| |||| 00| 0 eng d
035 _a(Sirsi) u14245
041 _aeng
245 _aTest case for dairy tenants
260 _c1993
350 _a0
490 _aEstates Gazette
_v(9334) 28 August 1993, 110(1)
520 _aNews item highlighting a test case heading for judicial review which will affect any dairy tenant facing a rent review who was allocated milk quota as a dairying tenant in 1984. A West Country tenant was given, at a recent rent review arbitration, a rent increase of more than 300% on the grounds that the farm had a substantial milk quota attached to it. A judicial review has been sought.
650 _aAGRICULTURAL HOLDINGS ACT 1984
650 _aPROPERTY-LANDLORD AND TENANT-TENANCIES-AGRICULTURAL TENANCIES
650 _aMILK QUOTAS
650 _aOSCROFT V BENABO
650 _aRENT INCREASE
650 _aRENT REVIEWS
650 _aValuation
_96273
690 _aMANAGEMENT-DISPUTE AVOIDANCE, MANAGEMENT AND RESOLUTION-DISPUTE MANAGEMENT AND RESOLUTION-ARBITRATION
690 _aLANDLORD AND TENANT-AGRICULTURAL TENANCIES
690 _aRURAL PRACTICE
942 _n0
948 _c04/03/1997
999 _c9257
_d9257